[Event "RUS-chT 05th"]
[Site "Maikop"]
[Date "1998.06.07"]
[Round "5"]
[White "Solozhenkin, Evgeniy"]
[Black "Tregubov, Pavel V"]
[Result "0-1"]
[WhiteElo "2500"]
[BlackElo "2560"]
[Annotator "Tsesarsky,I"]
[PlyCount "88"]
[EventDate "1998.06.03"]
[EventType "team-tourn"]
[EventRounds "11"]
[EventCountry "RUS"]
[SourceTitle "CBM 066"]
[Source "ChessBase"]
[SourceDate "1998.09.30"]
[SourceVersion "1"]
[SourceVersionDate "1998.09.30"]
[SourceQuality "1"]
[WhiteTeam "Sankt Petersburg"]
[BlackTeam "Maykop Universitet"]
[WhiteTeamCountry "RUS"]
[BlackTeamCountry "RUS"]

1. d4 d5 2. c4 e6 3. Nf3 c6 4. g3 dxc4 5. Bg2 b5 6. O-O (6. a4 Bb7 7. Ne5 (7.
Nc3 a6 8. Ne5 Qc8 9. O-O Nd7 10. Ne4 Ngf6 11. Ng5 Nxe5 12. dxe5 Nd7 13. Qd4 Qc7
14. Rd1 $44 {1/2-1/2 Kerek,C-Stojnic,M/EuYouth U18 Boys, Tallinn EST 1997 (36)}
) 7... Qb6 8. e3 Nf6 9. O-O Nbd7 10. Qf3 Nxe5 11. dxe5 Nd5 12. e4 Nb4 13. Be3
Qc7 (13... Bc5 $4 14. a5 $18 {Kleschtschow,J-Bender,S/GER-chJ U17 1992/1/2-1/2
(41)}) 14. Qe2 $44) 6... Bb7 (6... Nd7 7. e4 (7. Qc2 Bb7 8. Rd1 Qc8 9. Nc3 $5
$44 (9. Bf4 Ngf6 10. Nbd2 c5 11. a4 a6 12. axb5 axb5 13. b3 cxb3 14. Qxb3 Bc6
15. dxc5 Bxc5 16. Ne5 Rxa1 (16... Bxg2 17. Nxd7 Nxd7 18. Kxg2 Rxa1 19. Rxa1
Qb7+ $17 {Wang,P-Schneider,D/US Cadets, Nashville USA 1998/0-1 (55)}) 17. Rxa1
Nxe5 18. Bxe5 Bxf2+ 19. Kxf2 Ng4+ 20. Ke1 Nxe5 21. Rc1 O-O 22. Bxc6 Nxc6 23.
Qxb5 Nd4 24. Rxc8 Nxb5 $17)) 7... Ngf6 8. Qe2 Be7 9. b3 cxb3 10. axb3 O-O 11.
Bb2 Bb7 12. Rd1 Qb6 13. Nc3 a6 14. h3 Rfd8 15. g4 c5 16. d5 e5 17. Nd2 Ne8 $17
{Kopjonkin,G-Varga,Z/Zalakaros op 1993/1-0 (42)}) 7. a4 (7. e4 Nf6 8. Nc3 (8.
Bg5 Qb6 9. Bxf6 gxf6 10. Nc3 Nd7 11. a4 b4 12. a5 Qa6 13. Ne2 Qb5 $15 {1/2-1/2
Bluhm,G-Sehner,N/BL2-W 1989 (48)}) 8... Be7 9. Be3 O-O 10. Ng5 Nbd7 11. e5 Nd5
12. Qh5 h6 13. Nxe6 fxe6 14. Bxh6 Rf7 15. Bd2 Nf8 $19 {0-1 Yarovik
Yuri-Barskij Vladimir/It open 1995 (28)}) (7. Ne5 f6 8. Ng4 Ne7 9. e4 c5 10. d5
exd5 11. e5 f5 12. Ne3 Bc6 13. Nc3 d4 14. Nxb5 Bxb5 15. Bxa8 dxe3 16. Bxe3 Qxd1
17. Rfxd1 Nec6 $17 {Kohlweyer,B-Gabriel,C/Open, Bad Woerishofen GER 1997/0-1 
(44)}) (7. Nc3 Nd7 8. Ne5 Qc7 9. Bf4 Nxe5 10. Bxe5 Qb6 11. a4 Rd8 12. e4 Ne7
13. d5 b4 14. a5 Qa6 15. Bc7 Rd7 16. Na4 Nc8 $19 (16... cxd5 17. Nc5 Qc6 18.
Nxd7 Qxc7 19. Nxf8 Kxf8 20. Qd2 $14 {0-1 Nemet,I-Costa,J/SUI-chT Basel-Genève
1995 (35)})) 7... Nd7 (7... Nf6 8. Ne5 Qc7 (8... Qb6 9. e4 a6 10. Nc3 Be7 11.
d5 cxd5 12. exd5 O-O 13. d6 Bxd6 14. Bxb7 Ra7 15. Bg2 Bxe5 16. Be3 $16 {
1-0 Krasenkov,M-Sherbakov,R/Katowice op 1992 (26)}) 9. Nc3 b4 10. Ne4 Nxe4 11.
Bxe4 c5 12. Bxb7 Qxb7 13. Be3 Nc6 14. Nxc6 Qxc6 15. Rc1 c3 16. bxc3 $14 {
Nindl,G-Varga,Z/Werfen op 1989/1/2-1/2 (44)}) (7... a6 8. b3 cxb3 9. Qxb3 (9.
Nbd2 Nd7 (9... Nf6 10. Nxb3 Nbd7 11. Qc2 Qb6 12. Bd2 $44 {1/2-1/2 Cvitan,
O-Kaenel,H/Grand-Prix Suisse 1993 (39)}) 10. Nxb3 b4 11. Nfd2 Ngf6 12. Nc4 $44
{0-1 Malich,B-Sehner,N/BL 1995 (40)}) 9... Nf6 10. Rd1 Nbd7 11. Nc3 Be7 12. Ne5
(12. Ba3 $5 $14) 12... Qc8 13. Bg5 h6 14. Bxf6 Bxf6 15. axb5 Nxe5 (15... cxb5
16. Nxb5 axb5 17. Rac1 $18) (15... Bxe5 16. bxa6 $1 Bxa6 17. dxe5 O-O 18. f4
$14) 16. Ne4 $1 O-O 17. bxa6 $2 (17. Nxf6+ $1 gxf6 18. dxe5 cxb5 19. Rac1 Qb8
20. exf6 Bxg2 21. Qe3 Kh7 22. Qd3+ Kh8 23. Kxg2 (23. Qe3 $11) 23... Qe5 24. Qf3
Rad8 25. Rxd8 Rxd8 26. Rc6 a5 27. Rb6 b4 28. Rb7 Kg8 29. Ra7 Rd5 30. e4 Rc5 31.
h4 Qh5 32. Qd3 Rc8 33. Qd7 Rf8 $16) 17... Bxa6 18. Nxf6+ gxf6 19. dxe5 Bxe2 20.
Rxa8 Bxd1 (20... Qxa8 21. Re1 (21. exf6 Bxd1 22. Qe3 Qa1 $19) 21... Bb5 22.
exf6 Rd8 $11) 21. Qxd1 Qxa8 22. exf6 Qa5 23. Bxc6 Qg5 $17 {0-1 Vekshenkov,
N-Chantsev,S/Kemerovo 1991 (54)}) (7... Qc7 8. Nc3 a6 9. Ne5 f6 10. Nf3 Nd7 11.
e4 Rd8 12. Qe2 Bb4 13. Bh3 Bxc3 14. bxc3 e5 15. dxe5 (15. Ba3 $14) 15... Nxe5
16. Nd4 Bc8 17. Bxc8 Qxc8 18. axb5 cxb5 19. Ba3 $14 {Kirusha,A-Maximenko,O/
Chigorin mem open, St Petersburg RUS 1997/1-0 (44)}) 8. Nc3 (8. e4 Ngf6 9. e5
Nd5 10. Ng5 Be7 11. Qh5 Bxg5 12. Bxg5 Qb6 13. Nc3 Nxc3 14. bxc3 c5 15. d5 Nxe5
16. Rfe1 Ng6 17. dxe6 O-O (17... Bxg2 18. exf7+ Kxf7 19. Kxg2 Qc6+ 20. f3 a6
21. axb5 axb5 22. Re7+ Kg8 23. Rxa8+ Qxa8 24. Rd7 $18) 18. Bxb7 Qxb7 19. axb5
Qxb5 $11 {1/2-1/2 Petursson,M-Ward,C/Bern op 1992 (26)}) (8. b3 cxb3 9. Qxb3 a6
(9... b4 10. a5 (10. e4 Ngf6 11. Nbd2 Be7 12. e5 Nd5 13. Ne4 O-O 14. Bg5 a5 15.
Bxe7 Qxe7 16. Rfc1 Ra7 17. Rc2 f6 $17 {0-1 Flear,C-Tregubov,P/Corsica Rapid,
Bastia FRA 1997 (29)}) 10... Ba6 11. Re1 Rc8 12. Nbd2 Ngf6 13. Bb2 Be7 14. Nc4
O-O 15. Nfe5 Nxe5 16. dxe5 Nd7 17. Red1 Qc7 18. Nd6 Rb8 $17 {0-1 Konopka,
M-Bykhovsky,A/Cuxhaven op 1993 (33)}) 10. Ne5 (10. Nc3 Ngf6 11. e4 Be7 12. e5
Nd5 13. Nxd5 exd5 14. h4 $44 {0-1 Sandner,G-Chuchelov,V/Open, Bad Zwesten GER
1998 (31)}) (10. Na3 Ngf6 11. Rd1 Qc8 12. Bd2 Nb6 13. Ne5 Nxa4 14. Rdc1 Bd6 15.
Nxc6 Qd7 16. Bb4 Bxb4 17. Qxb4 Nd5 18. Bxd5 exd5 19. Ne5 $18 {1-0 Hadas,
Y-Yavits,D/Petach Tikva ISR-chJr 1994 (23)}) 10... Ne7 11. Ba3 Nxe5 12. dxe5
Nd5 13. Bxf8 Kxf8 14. Nd2 Qc7 15. Bxd5 exd5 16. Rfc1 Qxe5 17. axb5 cxb5 18.
Qb4+ Kg8 19. Nf3 Qf6 20. Nd4 h5 $44 {time 1-0 Neverov,V-Moroz,A/Yalta op 1996 
(33)}) 8... a6 9. Ne5 (9. e4 Ngf6 10. e5 Nd5 11. Ng5 h6 12. Qh5 g6 13. Qh3 Be7
14. Nce4 $44 {0-1 Maherramzade,J-Burmakin,V/II Open, Ubeda ESP 1997 (33)}) 9...
Ne7 (9... Nxe5 10. dxe5 Qc7 11. Ne4 (11. axb5 cxb5 (11... Rd8 12. b6 Qxb6 13.
Qa4 $14) 12. Nxb5 axb5 13. Rxa8+ Bxa8 14. Bxa8 Bc5 15. b3 Ne7 16. bxc4 O-O 17.
Be4 Qxe5 18. Qc2 f5 19. Bg2 bxc4 $11) 11... Rd8 (11... Qxe5 12. Qc2 $44) 12.
Qc2 f5 13. Ng5 (13. exf6 Nxf6 14. Ng5 $14) 13... Bc8 14. b3 $5 $36 (14. axb5
cxb5 15. Rxa6 $6 Bxa6 16. Nxe6 Qc8 17. Nxd8 Kxd8 18. Rd1+ Ke8 $17 {1-0
Borovikov,V-Santos,C/EU-chJ Sas van Gent 1992 (27)})) 10. axb5 axb5 (10... Nxe5
11. dxe5 (11. bxa6 Nd7 12. Ne4 Nf5 13. Bg5 f6 14. axb7 Rxa1 15. Qxa1 fxg5 $15)
11... axb5 12. Nxb5 cxb5 (12... Rxa1 13. Nd6+ $18) 13. Qxd8+ Kxd8 14. Rxa8+
Bxa8 15. Bxa8 $14) 11. Rxa8 Bxa8 12. Nxd7 Qxd7 13. e4 $44 (13. Nxb5 cxb5 14.
Bxa8 Nd5 15. b3 (15. e4 $4 Nb6 $19) (15. Bxd5 exd5 16. e4 dxe4 17. f3 Be7 18.
fxe4 O-O $132) 15... Bb4 16. bxc4 bxc4 $11) 13... g6 14. e5 (14. Bf4 $5 $44)
14... Bg7 15. Ne4 O-O (15... Nf5 $2 16. g4 Nh4 17. Bh6 (17. Nd6+ Kf8 18. Be4 h5
19. f3 Kg8 20. Bg5 hxg4 21. fxg4 $18) 17... O-O 18. Bh1 f5 19. Nf6+ Rxf6 20.
Bxg7 Rf7 21. Bf6 $16) 16. Bg5 (16. Bh6 Rd8 17. Bxg7 Kxg7 18. Qf3 Nf5 19. g4
Nxd4 20. Qf6+ Kg8 21. Qh4 Qc7 22. f4 $40 (22. Nf6+ Kf8 23. Nxh7+ Kg7 24. Nf6
Rh8 (24... Qxe5 25. Nh5+ gxh5 26. Qxd8 $16) 25. Qg5 c5 $15)) 16... Qa7 (16...
Nd5 17. Qd2 $44) 17. Qa1 $5 (17. Qg4 Nf5 18. Rd1 h6 19. Bf6 Nxd4 $17) 17...
Qxa1 18. Rxa1 Nf5 19. Nc5 (19. Be3 c5 20. Nxc5 Bxg2 21. Kxg2 Rd8 22. Nb7 Rb8
23. Ra7 b4 24. Nd6 c3 (24... Nxd6 25. exd6 Rd8 26. Rc7 h5 27. d7 Bf6 (27... c3
28. bxc3 bxc3 29. Bg5 $18) 28. Rxc4 Rxd7 29. Rxb4 $14) 25. bxc3 Nxd6 (25...
Nxe3+ 26. fxe3 b3 27. Ra1 $16) 26. exd6 bxc3 $11) 19... Nxd4 20. Nd7 Nb3 $2 $16
(20... Re8 21. Ra7 c3 22. bxc3 Ne2+ 23. Kf1 Nxc3 24. Nb6 Bxe5 25. Rxa8 (25.
Nxa8 Nd5 $132) 25... Rxa8 26. Nxa8 c5 $132) 21. Ra2 $2 $15 (21. Ra7 $1 Rc8 22.
Nb6 Rb8 23. Bf6 (23. Rxa8 Rxa8 24. Nxa8 Bxe5 25. Bxc6 Bxb2 26. Bxb5 c3 27. Bf6
Ba1 28. Bd3 Nd2 29. Bc2 Nf3+ 30. Kf1 Nxh2+ 31. Ke2 $16) 23... Bb7 24. Nd7 Ra8
25. Rxb7 Ra1+ 26. Bf1 h5 (26... Nd2 27. Rb8+ $18) 27. Kg2 $16) 21... Re8 22.
Nb6 Bb7 (22... h6 23. Be3 Bb7 24. Ra7 Re7 25. Bxc6 $15) 23. Ra7 h6 24. Be3 Re7
25. Nc8 $2 $17 (25. Bxc6 Bxc6 (25... Bxe5 26. Nc8 $1 $14) 26. Rxe7 Bxe5 27. Nc8
Bd5 (27... Bxb2 28. Na7 Bd5 29. Nxb5 $15) 28. Bxh6 Bxb2 29. Nd6 Nd4 30. Kf1 $1
(30. Nxf7 $5 Nf5 31. Rc7 e5 (31... c3 $2 32. Bg5 b4 33. Bf6 $18) 32. g4 Bxf7
33. gxf5 gxf5 34. Bd2 (34. Rb7 c3 35. Rxb5 f4 36. Rxe5 c2 37. Rc5 c1=Q+ 38.
Rxc1 Bxc1 $19) 34... Ba3 35. Rb7 $15) 30... b4 31. Re8+ Kh7 32. Nxf7 Nf3 33. h4
$15) 25... Rd7 26. Nd6 $2 (26. Nb6 Rd1+ 27. Bf1 Bxe5 28. Rxb7 Bxb2 $17 (28...
Kg7 29. Rd7 Rxd7 30. Nxd7 Bxb2 $17)) 26... Bxe5 27. Nxb7 Rd1+ 28. Bf1 Bxb2 $19
29. Ra8+ (29. Kg2 c3 $6 (29... Bd4 $1 30. Be2 (30. Ra8+ Kg7 31. Be2 Re1 32. Bf3
(32. Bxd4+ Nxd4 $19) 32... Bxe3 33. fxe3 c3 34. Ra2 Rxe3 35. Bxc6 Nd4 $19)
30... Bxa7 31. Bxd1 Bxe3 32. fxe3 Na1 33. Nc5 c3 34. Nd3 c2 $19) 30. Ra6 $1 c2
(30... Nd4 31. Bxd4 Rxd4 32. Rxc6 b4 33. Bb5 b3 34. Na5 c2 35. Nxb3 Rb4 36. Bd3
Rxb3 37. Bxc2 $15) 31. Rxc6 c1=Q 32. Bxc1 Nxc1 33. Bxb5 Nd3 $17) 29... Kh7 30.
Kg2 c3 31. Ra2 (31. Ra6 Rd7 32. Nc5 Nxc5 33. Bxc5 c2 34. Be3 Rc7 (34... b4 35.
Rxc6 Bc3 36. Bc4 Rd1 37. Rc7 Kg8 38. Bxh6 c1=Q 39. Bxc1 Rxc1 40. Rb7 $17) 35.
Ra2 c1=Q 36. Bxc1 Bxc1 37. Rc2 Ba3 38. Bxb5 c5 $19) 31... Rd7 32. Na5 Nd2 (
32... Nxa5 33. Rxa5 c2 34. Ra2 c1=Q 35. Bxc1 Bxc1 36. Rc2 Bd2 37. Rxc6 b4 $19)
33. h4 c2 34. Nb3 Nxb3 35. Rxb2 c1=Q 36. Bxc1 Nxc1 37. Rc2 Nb3 38. Rxc6 Rb7 39.
Rc3 Nd4 40. Rd3 e5 41. f4 f6 42. fxe5 fxe5 43. Ra3 b4 44. Ra6 e4 0-1

[Event "Vidmar Memorial 13th"]
[Site "Portoroz"]
[Date "1999.06.17"]
[Round "5"]
[White "Beliavsky, Alexander G"]
[Black "Pavasovic, Dusko"]
[Result "1-0"]
[WhiteElo "2650"]
[BlackElo "2502"]
[Annotator "Tsesarsky,I"]
[PlyCount "85"]
[EventDate "1999.06.??"]
[EventType "tourn"]
[EventRounds "10"]
[EventCountry "SLO"]
[EventCategory "14"]
[SourceTitle "CBM 072"]
[Source "ChessBase"]
[SourceDate "1999.10.01"]
[SourceVersion "1"]
[SourceVersionDate "1999.10.01"]
[SourceQuality "1"]

{[%mdl 8192]} 1. c4 e6 2. Nf3 d5 3. d4 c6 4. Bg5 f6 5. Bd2 (5. Bh4 dxc4 (5...
Nh6 6. e3 (6. Nc3 Nf5 7. e3 Be7 8. Bg3 Nd7 9. Qc2 Nf8 10. Bd3 dxc4 11. Bxc4 Ng6
12. Rd1 Nxg3 13. hxg3 f5 14. g4 $14 {1/2-1/2 Meessen,R-Kuijf,M/Antwerpen op(8)
1996 (57)}) 6... Nf5 7. Bg3 Nd6 8. Nbd2 f5 9. Ne5 g6 10. Bd3 Bg7 11. h4 Ne4 12.
Bf4 Nd7 13. Ndf3 (13. Nxd7 Bxd7 14. h5 Qa5 (14... g5 15. h6 $1 $16) 15. f3
Qxd2+ 16. Qxd2 Nxd2 17. Kxd2 $14) 13... Qe7 14. Qb3 $14 (14. Kf1 Ndf6 15. Ng5
$14 {1-0 Pinheiro,J-Silva,A/Lisboa 1995 (34)} (15. Rc1 $14))) (5... Ne7 6. Nbd2
Ng6 7. e4 Nxh4 8. Nxh4 g6 9. Nhf3 Bg7 10. Qc2 O-O 11. Be2 Na6 $132 {1/2-1/2
Hakulinen,E-Vaatainen,T/Finland 1997 (21)}) 6. e4 b5 7. Be2 Bb4+ (7... Bb7 8.
Nc3 Bb4 9. O-O Ne7 10. Qc2 O-O 11. a3 Ba5 12. b3 cxb3 13. Qxb3 $44 {1-0
Erykalov,A-Malysev,V/RUS-sf Novosibirsk 1995 (34)}) 8. Nc3 Ne7 9. O-O O-O 10.
a4 (10. Rc1 Ng6 11. Bg3 f5 12. exf5 exf5 13. Bxb8 Rxb8 14. b3 Ba3 15. Rc2 cxb3
16. Rd2 Kh8 17. axb3 Bb4 $17 {0-1 Gerber,R-Klinger,J/Zug 1987/EXT 87 (40)})
10... Bxc3 11. bxc3 a6 12. Qb1 Nd7 13. Rd1 Nb6 14. a5 Nd7 15. Bg3 Ng6 16. Qb4
Re8 17. h4 Qe7 18. Bd6 Qf7 19. g3 $44 {1-0 Cebalo,M-Sermier,G/Open, Biel SUI
1997 (32)}) 5... dxc4 (5... Nd7 6. cxd5 (6. Qc2 $14) 6... exd5 7. Qc2 Bd6 8. e3
(8. e4 dxe4 9. Qxe4+ Qe7 $11) (8. Nc3 Ne7 9. e4 dxe4 10. Nxe4 Nb6 $11) 8... Ne7
9. Bd3 f5 (9... g6 10. h4 $14) 10. g4 $2 (10. Bxf5 Nxf5 11. Qxf5 Ne5 12. Qc2 (
12. Qh5+ g6 13. Qh6 Bf8 $19) 12... Nxf3+ 13. gxf3 O-O 14. f4 Bg4 $15) (10. Nc3
O-O 11. O-O Nf6 $132 (11... Qe8 $132)) 10... fxg4 11. Ng5 Nf8 $17 {0-1
Mikhalevski,V-Skembris,S/Agios Nikolaos 1995/Inf 65/[Skembris,S] (52)}) 6. e3 (
6. Qc2 b5 7. g3 Bd6 8. Bg2 Ne7 9. O-O Bb7 10. a4 Nd7 11. b3 Nb6 12. Ba5 Qd7 13.
Bxb6 cxb3 14. Qxb3 axb6 15. Nbd2 bxa4 16. Rxa4 Rxa4 17. Qxa4 O-O $17 {1/2-1/2
Yanvarjov,I-Maljutin,E/Moscow5-B 1991 (53)}) (6. e4 $1 b5 7. a4 Bb7 (7... a6 8.
b3 cxb3 9. axb5 b2 10. Ra2 cxb5 11. Bxb5+ Bd7 12. Bd3 $14) 8. b3 $14) 6... b5
7. a4 Qb6 (7... a5 8. b3 Nh6 9. axb5 cxb5 10. bxc4 b4 11. c5 Bb7 12. Bb5+ Kf7
13. O-O Nf5 14. Qe2 g5 15. Rd1 g4 16. Ne1 Rg8 17. Bc1 Na6 18. c6 (18. d5 exd5
19. e4 Ne7 20. exd5 Nxc5 21. Qc2 Nxd5 22. Qxh7+ Rg7 23. Qh5+ Kg8 24. Bc4 Rd7
25. Nc2 (25. Qxg4+ Bg7 26. Bb2 $132) 25... Bg7 $132 (25... f5 $2 26. Ne3 $16 {
1-0 Mikac,M-Soln,P/Ljubljana op 1996 (37)})) 18... Bc8 19. d5 $16) (7... Bd7 8.
b3 cxb3 9. Qxb3 a6 10. Nc3 b4 11. Ne4 a5 12. Bc4 Qc8 13. O-O Na6 14. Rac1 Nc7
15. Ne1 Nh6 16. Nd3 Nf7 17. Nec5 $44 {0-1 Laketic,G-Malakhov,V/Montecatini
1998 (48)}) 8. b3 cxb3 9. Qxb3 (9. axb5 b2 10. Ra2 cxb5 11. Qb3 b4 12. Rxb2 (
12. Bd3 Nc6 13. O-O Bd6 (13... a5 14. Nc3 Nge7 15. Na4 $44) 14. Rxb2 Nge7 15.
Rc1 Bd7 $15) 12... Nc6 $17) 9... b4 10. a5 Qb7 (10... Qc7 11. Bxb4 $14) 11. Bc4
Kf7 12. O-O Na6 13. Na3 c5 14. Nc2 Qe4 15. Nce1 Bd6 16. Bd3 (16. dxc5 Nxc5 17.
Qxb4 Rb8 18. Qc3 Ne7 19. Nd3 Nd5 20. Qd4 (20. Nxc5 Nxc3 21. Nxe4 Nxe4 22. Rab1
Nxd2 23. Nxd2 Bd7 $15) 20... Qxd4 21. Nxd4 Ne4 (21... Nxd3 22. Bxd3 e5 23. Nb5
$16) 22. Rfd1 Bd7 $132) 16... Qd5 17. Qc2 (17. Bc4 Qe4) 17... Bb7 (17... Rb8
18. e4 Qh5 19. Qd1 g6 20. Qe2 Nc7 21. e5 fxe5 22. dxc5 Bxc5 23. Nxe5+ Kg7 24.
Qxh5 gxh5 25. Nc6 Rb7 26. Nd8 $1 Rb8 27. Bf4 $18) 18. Bc4 (18. e4 $5 {With
very strong Attack:} Qc6 (18... Qh5 19. Qd1 g6 (19... cxd4 $4 20. Ng5+ Kg6 21.
e5+ $18) 20. Qe2 Nb8 21. a6 Bc6 22. dxc5 $16) 19. e5 Be7 (19... fxe5 20. dxe5 (
20. Be4 Qb5 21. dxe5 Bc7) 20... Bc7 21. Ng5+ $1 (21. Be4 $6 Qb5 22. Bxh7 Bd5
23. Ng5+ Kf8 24. f4 Ne7 25. f5 Bxe5 26. fxe6+ Qxf1+ 27. Kxf1 Bxa1 28. Nf7 Rxh7
29. Qxh7 Bxe6 30. Ng5 Bc4+ 31. Kg1 Rd8 32. Nef3 Bd5 $15) 21... Ke7 22. Nef3 Rf8
(22... h6 23. Be4 Qb5 24. Bxb7 Qxb7 25. Qg6 $18) (22... Rd8 23. Bxa6 Bxa6 24.
Bxb4 Bxf1 25. Qxc5+ Qxc5 26. Bxc5+ Ke8 27. Kxf1 Rd5 28. Bxa7 Bxa5 29. Nxe6 Ne7
30. Bc5 Kd7 31. Rxa5 Kxe6 32. Ra6+ $18) 23. Bxa6 Bxa6 24. Bxb4 $16) 20. exf6
gxf6 21. Bxh7 Kf8 22. Qg6 Qe8 23. Bh6+ Nxh6 24. Qxh6+ Kf7 25. Bg6+ (25. dxc5 $1
Nxc5 (25... Qd8 26. Nh4 Nxc5 27. Ng6 Be4 28. Nf3 Bxg6 29. Qxg6+ Kf8 30. Rfd1
Qc7 31. Qh6+ Kf7 32. Rd4 $16) 26. Nh4 $1 Ba6 27. Ng6 Bxf1 28. Kxf1 e5 29. Nf3
Bd6 30. Rd1 $16) 25... Kg8 26. Qxh8+ Kxh8 27. Bxe8 Rxe8 28. dxc5 Nxc5 29. Rb1
b3 30. Nd4 Bd5 31. f4 Rb8 32. Nef3 Bd8 33. Rfc1 Nd3 $44) 18... Qh5 19. Qd3 Nc7
20. dxc5 Qxc5 21. Bxb4 $1 $16 (21. Rb1 Bd5 22. Bxd5 Nxd5 23. Rc1 Nc3 24. Bxc3
bxc3 25. Rxc3 Qxa5 26. Rc6 Be7 27. Nd4 $1 (27. Rxe6 $6 Rd8 (27... Kxe6 28. Qe4+
Kf7 29. Qxa8 Bd8 30. Nc2 Ne7 31. Ra1 Qc5 32. Ncd4 $16) 28. Qb3 Qd5 29. Qxd5
Rxd5 30. Ra6 Bc5 31. Nc2 Ne7 32. Rb1 Rhd8 33. Kf1 R8d6 $11) 27... Qd5 (27...
Rd8 28. Qc4 Qd5 29. Nxe6 $1 Rd7 30. Qxd5 Rxd5 31. Nf3 a5 32. Nfd4 Nh6 33. Rfc1
a4 (33... Ra8 34. Nc7 $18) 34. Ra6 a3 35. Rc7 Rb8 36. Kf1 Rb1+ 37. Ke2 Rb2+ 38.
Kf3 a2 39. Rca7 $16) 28. Rxe6 Bc5 29. Nef3 Ne7 30. e4 Qh5 31. Qc4 $16) 21...
Qxb4 22. Rb1 Qxa5 23. Qxd6 (23. Rxb7 $5 Rd8 24. Nd4 Ne7 25. Qb3 g6 (25... Qe5
26. f4 Qe4 27. Rxc7 Bxc7 28. Nxe6 $18) 26. Bxe6+ Kg7 27. Nef3 $16) 23... Bc8 (
23... Bd5 24. Bxd5 Nxd5 25. Nd4 (25. Rb7+ Nde7 (25... Nge7 26. Nd4 $18) 26. Nd4
Qd5 27. Qc7 $16) 25... Re8 26. Rb7+ Nde7 27. Qxe6+ $18) 24. Nd3 Ne7 25. Nd4
Ncd5 26. Rfc1 $2 $132 (26. Nxe6 $1 Bxe6 27. Nc5 Bg4 (27... Bf5 28. Bxd5+ Nxd5
29. Qxd5+ Kg6 30. e4 Bg4 31. Rb7 $18) 28. Bxd5+ Nxd5 29. Qxd5+ Kg6 30. Rb7 $18
{[%cal Gd5f7]}) 26... Rd8 (26... Re8 27. Bb5 (27. Rb5 Qd8 (27... Qd2 28. Nf3
$18) 28. Qg3 $44) (27. Qg3 Kg8 28. Nc5 Qc7 29. Qxc7 Nxc7 30. Ncxe6 Nxe6 31.
Nxe6 Bxe6 32. Bxe6+ Kf8 33. Rb7 a5 $11) 27... Rd8 28. Qc5 Qb6 $8 29. Be8+ Kxe8
30. Rxb6 axb6 $44) 27. Qg3 Bd7 28. e4 Nb6 29. Bb3 Rac8 $5 (29... Bc8 $132) 30.
Qd6 $5 (30. Qh3 Kg8 31. Bxe6+ Kh8 32. Bxd7 Rxc1+ 33. Rxc1 Nxd7 34. Ne6 Rc8 $11)
30... Rxc1+ $5 (30... Ke8 {[%cal Gd8d3]} 31. Nc5 e5 (31... Ba4 32. Qxe6 Bxb3 (
32... Rxc5 33. Qf7+ Kd7 34. Ne6 Rxc1+ 35. Rxc1 Rc8 36. Rd1+ Kc6 37. Qxe7 Bxb3
38. Nd4#) 33. Ndxb3 $16) 32. Nde6 Bxe6 33. Qxe6 Rxc5 34. Qf7+ Kd7 35. Rd1+ Kc7
36. Qxe7+ Rd7 37. Rxd7+ Nxd7 38. Rd1 Qb5 39. Rxd7+ $18) 31. Rxc1 Rc8 32. Rd1
Qc3 $2 $18 (32... Rc3 33. Bxe6+ Bxe6 34. Qxe6+ Kf8 35. Nf4 Rc8 36. Qg4 $16) 33.
Nf4 Qc7 (33... Qc5 34. Bxe6+ Bxe6 35. Qxe6+ Kf8 36. Qg4 $18) (33... Qa5 34.
Ndxe6 $18) 34. Qxc7 $4 $11 (34. Nb5 $18) 34... Rxc7 35. Nfxe6 Rc3 36. Nc5+ Ke8
$4 $18 (36... Kg6 $1 37. Nxd7 Nxd7 $132) 37. Nxd7 Nxd7 38. Ba4 Rc4 39. Bb5 Rc7
40. Ne6 Rb7 41. Ba4 Nc8 42. Nc5 (42. Bc6) 42... Ncb6 43. Bxd7+ 1-0

[Event "Copenhagen Aruna"]
[Site "Copenhagen"]
[Date "1997.05.10"]
[Round "8"]
[White "Hillarp Persson, Tiger"]
[Black "Sokolovs, Andrei"]
[Result "0-1"]
[WhiteElo "2475"]
[BlackElo "2480"]
[Annotator "Tsesarsky,I"]
[PlyCount "74"]
[EventDate "1997.04.02"]
[EventType "tourn"]
[EventRounds "9"]
[EventCountry "DEN"]
[EventCategory "10"]
[SourceTitle "CBM 059"]
[Source "ChessBase"]
[SourceDate "1997.08.01"]
[SourceVersion "1"]
[SourceVersionDate "1997.08.01"]
[SourceQuality "1"]

1. d4 e6 2. c4 d5 3. Nf3 c6 4. e3 Bd6 5. Bd3 Nd7 6. O-O Ngf6 7. Nbd2 O-O 8. Qc2
c5 (8... h6 9. Rd1 Re8 (9... Qe7 10. cxd5 exd5 11. a3 a5 $11 {Calvo Minguez,
R-Grzesik,T/BL 1984/1/2-1/2 (55)}) 10. e4 dxe4 11. Nxe4 Nxe4 12. Bxe4 Nf6 13.
Bd3 b6 14. c5 $14 {1-0 Pahtz,T-Schurade,M/Nordhausen DDR ch 1986 (28)}) (8...
Re8 9. e4 dxe4 10. Nxe4 Nxe4 11. Bxe4 Nf6 12. Bg5 h6 13. Bh4 Be7 14. Rad1 Nxe4
15. Bxe7 Rxe7 16. Qxe4 Qc7 17. Ne5 Bd7 18. Rfe1 $14 {Tschann,S-Franks,C/
OLBaden 1993/1/2-1/2 (67)}) 9. b3 cxd4 10. exd4 dxc4 (10... b6 11. cxd5 $16) (
10... g6 11. c5 (11. Bb2 Bf4 $14 (11... b6 12. cxd5 Nxd5 13. Qc6 Nb4 14. Qxa8
Nxd3 15. Nc4 $16)) 11... Bf4 12. Re1 $14) 11. bxc4 h6 (11... Qc7) 12. c5 $6 $11
{[%csl Rd5]} (12. Re1 $14) (12. Bb2 $14) 12... Be7 13. Nc4 (13. Rb1 Qc7 14. Re1
Nd5 $11) 13... Nd5 14. Bd2 (14. Rb1 Qc7 15. Re1 $11) 14... Qc7 15. Nce5 (15.
Rfe1 b6 16. cxb6 axb6 $11) 15... Nxe5 16. Nxe5 Bf6 17. Rae1 (17. Rfe1 $11)
17... Bd7 18. Qd1 $5 (18. Ba5 Qxa5 19. Nxd7 Rfd8 20. Nxf6+ Nxf6 21. Qb2 Qc7 $15
) 18... Bxe5 (18... b6 19. Qh5 bxc5 20. dxc5 Bxe5 21. Rxe5 Nf6 (21... Qxc5 22.
Bxh6 $1 $16) 22. Qe2 Ng4 23. Rh5 Nf6 24. Re5 $11) 19. Rxe5 f6 $1 (19... Bc6 20.
Qg4 Kh8 21. Qh4 $1 $16) 20. Re4 (20. Ree1 Rac8 (20... b6 21. Qg4 f5 22. Qe2
bxc5 23. Rc1 Rab8 (23... Nf4 24. Bxf4 Qxf4 25. dxc5 $14) (23... c4 24. Bxc4 Qd6
25. Qe5 $14) 24. Rxc5 Qd6 25. Ra5 Qb6 26. Rc5 Qb2 $11) 21. Qg4 f5 22. Qf3 $14)
20... Rae8 21. Rfe1 (21. Qh5 f5 (21... b6 22. cxb6 Qxb6 23. Bxh6 $18) 22. Rh4
Rf6 (22... b6 23. Bxh6 $18) 23. Re1 {This game}) 21... b6 22. Qh5 (22. cxb6
Qxb6 23. Qh5 f5 24. Rh4 Rf6 25. Rb1 Qc7 $11) 22... f5 23. Rh4 $6 (23. Re5 $11)
23... Rf6 24. Bc4 (24. cxb6 Qxb6 $17) (24. Rc1 Rd8 25. Qf3 Bc6 $11) 24... Qc6
25. Bb3 Kh7 26. Bg5 $4 (26. cxb6 Nxb6 27. Rc1 Qd6 28. Bf4 Qb4 29. Be5 Rc8 30.
Rd1 Be8 31. Qe2 (31. Qf3 Rg6 32. Rf4 Nc4 33. Bxc4 Qxc4 34. d5 Qxa2 $15) 31...
Rg6 32. Rf4 Bb5 $11) 26... Rg6 $19 27. f3 $5 (27. Rc1 Nf6 28. d5 $8 Qxc5 $1 29.
Qd1 Qd6 30. Bxf6 Rxf6 $19) 27... bxc5 $19 28. Rc1 c4 29. Rxc4 (29. Bxc4 Rc8 30.
Bxd5 Qxd5 31. Rxc8 Bxc8 32. Be3 Qxa2 $19) 29... Qb6 30. Rc1 (30. Bd2 Nf6 $19)
30... Qb4 31. Kh1 (31. Rd1) 31... Rc8 32. Rg1 (32. Rd1 Be8 33. Bxd5 exd5 $19)
32... Be8 33. g4 (33. Bxd5 exd5 34. Bxh6 gxh6 35. Qxf5 Qb7 $19) 33... Rf6 34.
Bxf6 Bxh5 35. Be5 Qc3 36. Rf1 Qd3 37. Kg1 Ne3 0-1